00784nam a22001937a 4500001000500000005001700005020001800022040002900040082001000069100001600079245023700095260002900332300004500361490002200406505000600428520011900434521001900553521001800572181020231003102643.0 a9781409514244 aFISKHbengcFISKHdFISKH a523.2 aBone, Emily aThe solar systemcEmily Bone Designed by Helen Edmonds and Will Dawes Illustrated by Terry Pastor and Tim Haggerty Solar System consultant: Stuart Atkinson Readng consultant: Alison Kelly, Principal Lecturer at Roehampton University aLondon :bUsborne,c2010 a32 pages :bcolor illustrations ;c22 cm aUsborne Beginners aK aA simple introduction to the solar system that provides information about the sun, planets, and space exploration. a580 bLexile  aK bRaz-Plus